Transmission lines; (Record no. 545551)
[ view plain ]
| 000 -LEADER | |
|---|---|
| fixed length control field | 00538cam a22001571 4500 |
| 082 ## - DEWEY DECIMAL CLASSIFICATION NUMBER | |
| Classification number | 621.319 |
| Author Mark | DEW |
| -- | L-10, P-29 |
| 100 2# - MAIN ENTRY--PERSONAL NAME | |
| Personal name | De Weese, Fred C. |
| 9 (RLIN) | 41445 |
| 245 10 - TITLE STATEMENT | |
| Title | Transmission lines; |
| Remainder of title | design, construction and performance, |
| Statement of responsibility, etc. | by Fred C. De Weese ... |
| 250 ## - EDITION STATEMENT | |
| Edition statement | 1st ed. |
| 260 ## - PUBLICATION, DISTRIBUTION, ETC. | |
| Place of publication, distribution, etc. | New York, |
| -- | London, |
| Name of publisher, distributor, etc. | McGraw-Hill book company, inc., |
| Date of publication, distribution, etc. | 1945. |
| 300 ## - PHYSICAL DESCRIPTION | |
| Extent | vii, 297 p. |
| Other physical details | illus., diagrs. (1 fold.) |
| Dimensions | 22 cm. |
| 526 ## - STUDY PROGRAM INFORMATION NOTE | |
| Program name | 0 |
| Interest level | 0 |
| Reading level | 0 |
| Title point value | 621_319000000000000_DEW |
| 650 #0 - SUBJECT ADDED ENTRY--TOPICAL TERM | |
| Topical term or geographic name entry element | Electric lines. |
| 9 (RLIN) | 41292 |
| 650 #0 - SUBJECT ADDED ENTRY--TOPICAL TERM | |
| Topical term or geographic name entry element | MCE |
| 9 (RLIN) | 379 |
| 942 ## - ADDED ENTRY ELEMENTS (KOHA) | |
| Source of classification or shelving scheme | |
| Koha item type | Book |
| Withdrawn status | Lost status | Source of classification or shelving scheme | Damaged status | Not for loan | Permanent Location | Current Location | Date acquired | Total Checkouts | Full call number | Barcode | Date last seen | Price effective from | Koha item type |
|---|---|---|---|---|---|---|---|---|---|---|---|---|---|
| Military College of Engineering (MCE) | Military College of Engineering (MCE) | 05/26/2014 | 621.319 DEW | MCE-30156 | 05/26/2014 | 05/26/2014 | Book |
